01486 a2200217 45000010006000000050017000060080041000230030015000640400040000790800104001192450035002230200018002582500012002762640028002883000023003165050852003390410008011911000024011997000022012237000023012454203720260407155711.0260407a1968 arg spa dAR-UNSa-BCEJYS aAR-UNSa-BCEJYSbspacAR-UNSa-BCEJYS a330.1xCiencia económica. Conceptos fundamentales de teoría económica. Valor. Capital. Fondos10aManual de teoría económica a84-03-18125-6 a4a. ed. 1aMadrid :bAguilarc1968 axx, 591 p.c22 cm. a1. Demanda y oferta - 2. La demanda del consumidor - 3. Análisis de las curvas de indiferencia - 4. El equilibrio del consumidor con más de dos bienes - 5. El equilibrio de la empresa - 6. Industria competitiva - 7. Equilibrio competitivo - 8. Monopolio - 9. Competencia monopolística - 10. Las leyes de los rendimientos - 11. La productividad marginal - 12. Salarios - 13. La renta - 14. Interés - 15. Beneficios - 16. Interrelaciones entre los factores de producción - 17. El equilibrio general y el empleo - 18. Dinero - 19. La teoría del empleo - 20. El consumo - 21. La inversión - 22. El tipo de interés - 23. Resumen de la teoría Keynesiana del empleo - 24. Keynes y la economía clásica - 25. Algunos conceptos básicos - 26. Un modelo sencillo de crecimiento - 27. El progreso técnico y la acumulación de capital aspa1 aLeblanc Dasi, Oscar1 aHague, Douglas C.1 aStonier, Alfred W.